Simultaneous escape routing in PCB (Record no. 13155)
[ view plain ]
| 000 -LEADER | |
|---|---|
| fixed length control field | 00433nam a22001337a 4500 |
| 082 ## - DEWEY DECIMAL CLASSIFICATION NUMBER | |
| Classification number | MSEE-4 |
| 100 ## - MAIN ENTRY--PERSONAL NAME | |
| Personal name | Asad Ali |
| 9 (RLIN) | 51452 |
| 245 ## - TITLE STATEMENT | |
| Title | Simultaneous escape routing in PCB |
| 260 ## - PUBLICATION, DISTRIBUTION, ETC. | |
| Place of publication, distribution, etc. | Islamabad |
| Name of publisher, distributor, etc. | NUST-SEECS |
| Date of publication, distribution, etc. | 2015 |
| 300 ## - PHYSICAL DESCRIPTION | |
| Extent | 61 |
| Other physical details | 27cm.+ |
| Accompanying material | CD-ROM |
| 500 ## - GENERAL NOTE | |
| General note | Supervisors:Dr. Anjum Naveed, Dr. Ammar Hassan, Dr. Hassaan Khaliq, Dr. Murtaza Khan |
| 856 ## - ELECTRONIC LOCATION AND ACCESS | |
| Uniform Resource Identifier | <a href="http://10.250.8.41:8080/xmlui/handle/123456789/9394">http://10.250.8.41:8080/xmlui/handle/123456789/9394</a> |
| 942 ## - ADDED ENTRY ELEMENTS (KOHA) | |
| Koha item type | Project Report |
| Source of classification or shelving scheme | |
| Withdrawn status | Lost status | Damaged status | Not for loan | Collection code | Permanent Location | Current Location | Shelving location | Date acquired | Total Checkouts | Full call number | Barcode | Date last seen | Price effective from | Koha item type | Source of classification or shelving scheme |
|---|---|---|---|---|---|---|---|---|---|---|---|---|---|---|---|
| Central Library (CL) | Central Library (CL) | General Stacks | 04/17/2015 | MSEE-4 ASA | SEECSP01624 | 04/15/2015 | 04/15/2015 | Project Report | |||||||
| Central Library (CL) | Central Library (CL) | Thesis | 10/03/2019 | 621.3 | CL-T-3708 | 10/03/2019 | 10/03/2019 | Thesis | |||||||
| Central Library (CL) | Central Library (CL) | Thesis | 12/13/2019 | 621.3MSEE-4 | CL-t-4266 | 12/13/2019 | 12/13/2019 | Thesis |
